Mathematics for JEE (main & advanced volume 2: (Record no. 140727)

MARC details
000 -LEADER
fixed length control field 00800nam a22002177a 4500
005 - DATE AND TIME OF LATEST TRANSACTION
control field 20170605103050.0
010 ## - LCCN (DPL NO)
LC control number 1516EN07
020 ## - INTERNATIONAL STANDARD BOOK NUMBER
International Standard Book Number 9788126521838
Terms of availability 629.00
035 ## - SYSTEM CONTROL NUMBER
System control number B-669693
037 ## - SOURCE OF ACQUISITION
Source of stock number/acquisition ABC
082 ## - DEWEY DECIMAL CLASSIFICATION NUMBER
Classification number 510
100 ## - MAIN ENTRY--PERSONAL NAME
Personal name Murti, GSN
245 ## - TITLE STATEMENT
Title Mathematics for JEE (main & advanced volume 2:
Statement of responsibility, etc by GSN Murti [and] U M Swamy
Remainder of title trigonometry, vector algebra and probability /
260 ## - PUBLICATION, DISTRIBUTION, ETC. (IMPRINT)
Place of publication, distribution, etc New Delhi
Name of publisher, distributor, etc Willey
Date of publication, distribution, etc 2016
270 ## - ADDRESS
Address 4435-36/7, Ansari Road, Darya Ganj,
City New Delhi
Postal code 110002
300 ## - PHYSICAL DESCRIPTION
Extent various pagings
Dimensions 27cm(pbk)
500 ## - GENERAL NOTE
General note Includes index
700 ## - ADDED ENTRY--PERSONAL NAME
Personal name Swamy, U.M.
942 ## - ADDED ENTRY ELEMENTS (KOHA)
Source of classification or shelving scheme Dewey Decimal Classification
Item type English Books
Call number suffix SAR
Classification part 510
Holdings
Withdrawn status Lost status Not for loan Collection code Home library Current library Date acquired Source of acquisition Cost, normal purchase price Full call number Barcode Copy number Cost, replacement price Koha item type
      Non-fiction Ashok Vihar Ashok Vihar 05/06/2017 BPPD/EN/2014-15/AV/16-17/413/15.2.2017/5057/28.2.2017/ 24.3.2017 629.00 510 SAR B-669693 1 629.00 English Books

© Delhi Public Library
Hit Counter
free hit counter